[Event "13.Città di Padova Open A"]
[Site "Padova Ex Fornace Carotta"]
[Date "2010.12.12"]
[Round "1.19"]
[White "Traversi, Carlo"]
[Black "Gallo, Enrico"]
[Result "0-1"]
[WhiteElo "1652"]
[BlackElo "2093"]
[Annotator "Gabriele Ballarin"]
[PlyCount "86"]
[EventDate "2010.12.12"]
[EventType "swiss"]
[EventRounds "9"]
[EventCountry "ITA"]

1. e4 e6 2. d4 d5 3. exd5 Qxd5 4. Nc3 Qd8 5. Nf3 Nf6 6. Be2 Be7 7. O-O O-O 8. h3 b6 9. Bf4 Bb7 10. Ne5 c5 11. dxc5 Bxc5 12. Bf3 Qc8 13. Bxb7 Qxb7 14. Qf3 Qxf3 15. Nxf3 Nc6 16. a3 Rfd8 17. Rad1 Nd4 18. Nxd4 Bxd4 19. Rd3 Bxc3 20. Rxc3 Nd5 21. Rf3 Rac8 22. c3 Nxf4 23. Rxf4 Rd2 24. Rb4 f5 25. Re1 Kf7 26. Kf1 Rcd8 27. Rc1 e5 28. Rb5 Ke6 29. g3 R8d5 30. Rb4 e4 31. c4 R5d3 32. c5 bxc5 33. Rxc5 Rf3 34. Rc6+ Kd5 35. Rbc4 Rfxf2+ 36. Ke1 Rfe2+ 37. Kf1 Rh2 38. R4c5+ Kd4 39. Rc4+ Ke3 40. Rc3+ Rd3 41. h4 Rf2+ 42. Kg1 Rxb2 43. R6c5 g6 0-1

[Event "13.Città di Padova Open A"]
[Site "Padova Ex Fornace Carotta"]
[Date "2010.12.13"]
[Round "2.1"]
[White "Zaja, Ivan"]
[Black "Santolini, Luigi"]
[Result "1-0"]
[WhiteElo "2489"]
[BlackElo "2253"]
[Annotator "Gabriele Ballarin"]
[PlyCount "99"]
[EventDate "2010.12.12"]
[EventType "swiss"]
[EventRounds "9"]
[EventCountry "ITA"]

1. d4 Nf6 2. c4 g6 3. Nc3 Bg7 4. e4 d6 5. f3 O-O 6. Be3 c6 7. Qd2 a6 8. Bd3 b5 9. Nge2 Nbd7 10. a3 e5 11. cxb5 axb5 12. O-O exd4 13. Nxd4 Ne5 14. Be2 Bb7 15. Rad1 Qe7 16. Bh6 Rfd8 17. Bxg7 Kxg7 18. Qg5 Kh8 19. f4 Nc4 20. Bxc4 bxc4 21. e5 Nd5 22. Nxd5 Qxg5 23. fxg5 cxd5 24. exd6 Kg8 25. Rde1 Rd7 26. Re7 Rxe7 27. dxe7 Re8 28. Re1 Bc8 29. Nb5 Be6 30. Nc7 Rxe7 31. Nxd5 Rb7 32. Nf6+ Kg7 33. Re2 h6 34. Ne8+ Kh7 35. Nd6 Rb6 36. Ne4 Bf5 37. Nf6+ Kg7 38. h4 hxg5 39. hxg5 Be6 40. Kf2 Rb5 41. Ne4 Bf5 42. Nd6 Rc5 43. Nxf5+ Rxf5+ 44. Ke3 c3 45. b4 Rxg5 46. Kd3 Rg3+ 47. Kc2 f5 48. b5 f4 49. b6 f3 50. gxf3 1-0

[Event "13.Città di Padova Open A"]
[Site "Padova Ex Fornace Carotta"]
[Date "2010.12.13"]
[Round "2.2"]
[White "De Santis, Alessio"]
[Black "Lazic, Miroljub"]
[Result "0-1"]
[WhiteElo "2293"]
[BlackElo "2480"]
[Annotator "Gabriele Ballarin"]
[PlyCount "100"]
[EventDate "2010.12.12"]
[EventType "swiss"]
[EventRounds "9"]
[EventCountry "ITA"]

1. d4 d6 2. e4 Nf6 3. Nc3 e5 4. Nf3 Nbd7 5. g3 c6 6. Bg2 b5 7. a3 Be7 8. O-O O-O 9. b3 Re8 10. Bb2 Bf8 11. Re1 Bb7 12. Qd2 a6 13. Rad1 Qb6 14. h3 g6 15. g4 Rad8 16. Qc1 exd4 17. Nxd4 c5 18. Nf3 Nxe4 19. Nxe4 Bxe4 20. Rxe4 Rxe4 21. Ng5 Re5 22. Bxe5 Nxe5 23. f4 c4+ 24. Kh1 Nc6 25. Bd5 Rd7 26. Qd2 cxb3 27. cxb3 Nd8 28. h4 Re7 29. h5 Bh6 30. Ne4 Bg7 31. hxg6 hxg6 32. f5 Qc7 33. f6 Rxe4 34. fxg7 Qe7 35. Bxe4 Qxe4+ 36. Qg2 Qe7 37. Qh2 Kxg7 38. Qxd6 Qe4+ 39. Kh2 Qe2+ 40. Kg3 Qe3+ 41. Kg2 Qe2+ 42. Kg3 Qe3+ 43. Kg2 Ne6 44. Rf1 Qe2+ 45. Rf2 Qxg4+ 46. Kf1 Qh3+ 47. Ke2 Qc3 48. Qe7 Nd4+ 49. Kf1 Nf5 50. b4 Nxe7 0-1

[Event "13.Città di Padova Open A"]
[Site "Padova Ex Fornace Carotta"]
[Date "2010.12.13"]
[Round "2.3"]
[White "Genocchio, Daniele"]
[Black "Gastiaburo, Hernan"]
[Result "1/2-1/2"]
[WhiteElo "2433"]
[BlackElo "2205"]
[Annotator "Gabriele Ballarin"]
[PlyCount "190"]
[EventDate "2010.12.12"]
[EventType "swiss"]
[EventRounds "9"]
[EventCountry "ITA"]

1. d4 Nf6 2. c4 e6 3. Nc3 Bb4 4. e3 c5 5. Bd3 Nc6 6. Nf3 Bxc3+ 7. bxc3 d6 8. O-O e5 9. Qc2 O-O 10. Bb2 Re8 11. Nd2 Qe7 12. Rfe1 e4 13. Be2 Bf5 14. Nf1 Bg6 15. Qd1 Rac8 16. Rc1 Na5 17. Ng3 Qe6 18. Qa4 b6 19. Bf1 h5 20. Be2 h4 21. Nf1 Bh5 22. Bxh5 Nxh5 23. h3 Qxc4 24. Qd7 Qxa2 25. Rb1 Qe6 26. Qxa7 Ra8 27. d5 Rxa7 28. dxe6 Rxe6 29. Nd2 d5 30. Ra1 Rd7 31. Reb1 f5 32. Ra4 Nf6 33. Ba3 Rc7 34. Rb5 Nd7 35. Kf1 Kf7 36. c4 Nxc4 37. Nxc4 dxc4 38. Rxc4 Ra7 39. Bb2 Rd6 40. Ke2 g5 41. f3 exf3+ 42. Kxf3 Ke6 43. e4 Ne5+ 44. Bxe5 Kxe5 45. exf5 Kxf5 46. Rb3 Rad7 47. Rcc3 Ke5 48. Kg4 Rg7 49. Re3+ Kf6 50. Re4 Rb7 51. Rf3+ Kg7 52. Kxg5 Rg6+ 53. Kxh4 Rxg2 54. Rf5 Rg6 55. Ref4 Rc7 56. Rc4 Kg8 57. Kh5 Rg1 58. Kh4 Rh7+ 59. Rh5 Rxh5+ 60. Kxh5 Kf7 61. h4 Ke6 62. Rc2 Kd5 63. Rb2 Kc6 64. Kh6 c4 65. h5 b5 66. Kh7 Rh1 67. h6 Kc5 68. Kg6 b4 69. Rf2 Rxh6+ 70. Kxh6 c3 71. Kg5 b3 72. Rf8 b2 73. Rb8 c2 74. Rc8+ Kd5 75. Rxc2 b1=Q 76. Rd2+ Ke4 77. Re2+ Kf3 78. Re6 Qb5+ 79. Kf6 Kf4 80. Kf7 Qd5 81. Ke7 Kf5 82. Rf6+ Ke4 83. Rg6 Qb7+ 84. Ke8 Qc8+ 85. Ke7 Qc7+ 86. Ke8 Kf5 87. Rh6 Qf4 88. Rc6 Qd4 89. Ke7 Qd5 90. Rf6+ Ke5 91. Rg6 Qb7+ 92. Ke8 Kf5 93. Rd6 Qc7 94. Rh6 Qe5+ 95. Kf7 Qc7+ 1/2-1/2

[Event "13.Città di Padova Open A"]
[Site "Padova Ex Fornace Carotta"]
[Date "2010.12.13"]
[Round "2.4"]
[White "Manca, Federico"]
[Black "Valenti, Giuseppe"]
[Result "1/2-1/2"]
[WhiteElo "2405"]
[BlackElo "2122"]
[Annotator "Gabriele Ballarin"]
[PlyCount "127"]
[EventDate "2010.12.12"]
[EventType "swiss"]
[EventRounds "9"]
[EventCountry "ITA"]

1. e4 d6 2. d4 Nf6 3. Nc3 e5 4. Nge2 Nbd7 5. g3 Be7 6. Bg2 c6 7. a4 a5 8. O-O O-O 9. h3 Re8 10. b3 Qc7 11. Bb2 Bf8 12. g4 h6 13. Qd2 g6 14. Rad1 b6 15. Rfe1 Bb7 16. f4 Rad8 17. Kh1 Bg7 18. Qd3 exd4 19. Nxd4 Nc5 20. Qd2 Re7 21. Re3 Rde8 22. Rde1 Kh7 23. Bf3 d5 24. e5 Nfe4 25. Nxe4 dxe4 26. Bg2 Rd7 27. Qf2 Red8 28. R3e2 Ba6 29. Rd2 f6 30. e6 Rd6 31. f5 g5 32. Red1 Bf8 33. Qe3 Be7 34. Bf1 Rd5 35. Bxa6 Nxa6 36. Ne2 Nb4 37. Bc3 Rxd2 38. Rxd2 Nd5 39. Qd4 e3 40. Rd3 Nf4 41. Qxe3 Nxd3 42. cxd3 Qd6 43. d4 Qd5+ 44. Kg1 Qxb3 45. h4 Qd1+ 46. Kg2 Kg8 47. hxg5 hxg5 48. Qe4 Qxa4 49. Kf2 Kg7 50. Ng3 Qa2+ 51. Kg1 Qd5 52. Qe2 c5 53. Qh2 Rh8 54. Nh5+ Kf8 55. Qb8+ Qd8 56. Qb7 cxd4 57. Bb2 Rh6 58. Ba3 d3 59. Bxe7+ Qxe7 60. Qb8+ Qe8 61. Qc7 Qe7 62. Qb8+ Qe8 63. Qc7 Qe7 64. Qc8+ 1/2-1/2

[Event "13.Città di Padova Open A"]
[Site "Padova Ex Fornace Carotta"]
[Date "2010.12.13"]
[Round "2.5"]
[White "Schaefer, Michael"]
[Black "Rogulj, Branko"]
[Result "0-1"]
[WhiteElo "2232"]
[BlackElo "2403"]
[Annotator "Gabriele Ballarin"]
[PlyCount "64"]
[EventDate "2010.12.12"]
[EventType "swiss"]
[EventRounds "9"]
[EventCountry "ITA"]

1. d4 Nf6 2. c4 g6 3. Nc3 d5 4. e3 Bg7 5. cxd5 Nxd5 6. Nxd5 Qxd5 7. Ne2 O-O 8. Nc3 Qa5 9. Be2 c5 10. d5 b5 11. O-O b4 12. Nb1 Rd8 13. Qb3 Ba6 14. Bxa6 Nxa6 15. e4 Nc7 16. Nd2 Nb5 17. Nc4 Qa6 18. Bg5 Rd7 19. Rfd1 Nd6 20. Nxd6 exd6 21. a3 bxa3 22. Rxa3 Qe2 23. Qa4 Rb7 24. Re3 Qxb2 25. Qc6 Be5 26. g3 Rab8 27. Bf4 Bxf4 28. gxf4 Qf6 29. Rc1 Qxf4 30. e5 Rb2 31. Rf1 Qg5+ 32. Kh1 Rxf2 0-1

[Event "13.Città di Padova Open A"]
[Site "Padova Ex Fornace Carotta"]
[Date "2010.12.13"]
[Round "2.6"]
[White "Solomon, Kenny"]
[Black "Zuttioni, Federico"]
[Result "1-0"]
[WhiteElo "2215"]
[BlackElo "1968"]
[Annotator "Gabriele Ballarin"]
[PlyCount "66"]
[EventDate "2010.12.12"]
[EventType "swiss"]
[EventRounds "9"]
[EventCountry "ITA"]

1. d4 Nf6 2. c4 e6 3. Nf3 d5 4. Nc3 Nbd7 5. Bg5 Be7 6. e3 O-O 7. Qc2 a6 8. Rd1 c6 9. a3 b5 10. c5 Re8 11. Bd3 h6 12. Bh4 e5 13. dxe5 Ng4 14. Bg3 Bxc5 15. O-O Bb6 16. Ne2 Bb7 17. Bh7+ Kh8 18. Qf5 Nxe3 19. fxe3 Bxe3+ 20. Kh1 Nf8 21. Qd3 Bb6 22. Bf5 c5 23. Qd2 Nd7 24. b4 c4 25. Ned4 Nf8 26. Bb1 Bc7 27. Nf5 Re6 28. N3d4 Rb6 29. Nd6 Bxd6 30. exd6 f6 31. Rde1 c3 32. Qxc3 Rc8 33. Qd3 Rc4 1-0

[Event "13.Città di Padova Open A"]
[Site "Padova Ex Fornace Carotta"]
[Date "2010.12.13"]
[Round "2.7"]
[White "Boscolo, Federico Meneguolo"]
[Black "Dragojlovic, Andjelko"]
[Result "1-0"]
[WhiteElo "2179"]
[BlackElo "2395"]
[Annotator "Gabriele Ballarin"]
[PlyCount "93"]
[EventDate "2010.12.12"]
[EventType "swiss"]
[EventRounds "9"]
[EventCountry "ITA"]

1. e4 g6 2. d4 Bg7 3. Nf3 d6 4. c4 Bg4 5. Be2 Nc6 6. Be3 Bxf3 7. Bxf3 e5 8. d5 Nd4 9. Nc3 Ne7 10. Ne2 c5 11. dxc6 Nxf3+ 12. gxf3 bxc6 13. Nc3 O-O 14. Qd3 Qb8 15. b3 Rd8 16. Rd1 Qb4 17. O-O h6 18. Na4 Kh7 19. Bd2 Qb7 20. Ba5 h5 21. Nc5 Qb8 22. Bxd8 Qxd8 23. Qxd6 Qe8 24. Qc7 Ng8 25. Rd3 Rc8 26. Qxa7 Bf8 27. Na4 Nf6 28. Nb6 Bc5 29. Nd7 Nxd7 30. Qxd7 Qf8 31. a4 Bd4 32. Rxd4 exd4 33. Qxd4 c5 34. Qf6 Rd8 35. e5 Re8 36. Rd1 Re7 37. Rd5 Qe8 38. Rxc5 Re6 39. Qf4 Qe7 40. Rd5 Kg7 41. a5 Qb7 42. Qe3 Qe7 43. f4 Qa3 44. Qc3 Qa2 45. Kg2 h4 46. Rd6 Qe2 47. Qf3 1-0

[Event "13.Città di Padova Open A"]
[Site "Padova Ex Fornace Carotta"]
[Date "2010.12.13"]
[Round "2.8"]
[White "Kizov, Atanas"]
[Black "Lodi, Paolo"]
[Result "1-0"]
[WhiteElo "2374"]
[BlackElo "1641"]
[Annotator "Gabriele Ballarin"]
[PlyCount "61"]
[EventDate "2010.12.12"]
[EventType "swiss"]
[EventRounds "9"]
[EventCountry "ITA"]

1. d4 f5 2. g3 Nf6 3. Bg2 e6 4. Nf3 d5 5. O-O Bd6 6. c4 c6 7. Qc2 O-O 8. Nc3 Qe8 9. Rb1 a5 10. a3 dxc4 11. Nd2 b5 12. Nxb5 cxb5 13. Bxa8 Nbd7 14. Bg2 Nb6 15. e4 Ng4 16. h3 Nh6 17. Nf3 fxe4 18. Qxe4 e5 19. Bxh6 gxh6 20. Rbe1 Bf5 21. Qb7 Qd8 22. Nxe5 Bxe5 23. Rxe5 Rf7 24. Qc6 Nd7 25. Rxb5 Bd3 26. Bd5 c3 27. bxc3 Bxb5 28. Qxb5 Qf6 29. Bxf7+ Kxf7 30. Qd5+ Kg7 31. Re1 1-0

[Event "13.Città di Padova Open A"]
[Site "Padova Ex Fornace Carotta"]
[Date "2010.12.13"]
[Round "2.9"]
[White "Gallo, Enrico"]
[Black "Voiska, Margarita"]
[Result "1/2-1/2"]
[WhiteElo "2093"]
[BlackElo "2320"]
[Annotator "Gabriele Ballarin"]
[PlyCount "75"]
[EventDate "2010.12.12"]
[EventType "swiss"]
[EventRounds "9"]
[EventCountry "ITA"]

1. e4 c5 2. Nf3 Nc6 3. d4 cxd4 4. Nxd4 e5 5. Nb5 d6 6. c4 Be6 7. N1c3 a6 8. Na3 Be7 9. Be3 Bg5 10. Qd2 Bxe3 11. Qxe3 Nd4 12. Be2 Ne7 13. O-O O-O 14. Kh1 Rc8 15. Bd3 Qa5 16. f4 f6 17. Nd5 Nec6 18. Rac1 Qc5 19. Bb1 Bf7 20. Qe1 a5 21. Rc3 exf4 22. Rxf4 Bg6 23. Rg3 Rce8 24. h4 Re5 25. Rfg4 Nf5 26. Rb3 Nfe7 27. Nf4 f5 28. Nd3 Qd4 29. Nxe5 Qxe5 30. Rb5 Qe6 31. Rg3 fxe4 32. h5 Bf5 33. Qc3 Qh6 34. Kg1 Ne5 35. Rxb7 Qxh5 36. Rxe7 Qd1+ 37. Kh2 Qh5+ 38. Kg1 1/2-1/2

[Event "13.Città di Padova Open A"]
[Site "Padova Ex Fornace Carotta"]
[Date "2010.12.13"]
[Round "2.10"]
[White "Isatto, Davide"]
[Black "Laketic, Gojko"]
[Result "0-1"]
[WhiteElo "1931"]
[BlackElo "2459"]
[Annotator "Gabriele Ballarin"]
[PlyCount "54"]
[EventDate "2010.12.12"]
[EventType "swiss"]
[EventRounds "9"]
[EventCountry "ITA"]

1. d4 d6 2. c4 e5 3. d5 f5 4. Nc3 Nf6 5. Nf3 g6 6. e3 Bg7 7. Bd2 O-O 8. b4 h6 9. Be2 Ne4 10. O-O Nxd2 11. Qxd2 Nd7 12. Rac1 g5 13. Rfd1 g4 14. Ne1 h5 15. c5 dxc5 16. d6 c6 17. b5 Nb6 18. bxc6 bxc6 19. a4 a5 20. Qa2+ Kh7 21. Rb1 e4 22. Qb3 Rb8 23. Qa3 Be6 24. Qxc5 Nd7 25. Qa3 Qf6 26. Rxb8 Rxb8 27. Rc1 Rh8 0-1

[Event "13.Città di Padova Open A"]
[Site "Padova Ex Fornace Carotta"]
[Date "2010.12.13"]
[Round "2.11"]
[White "Litrico, Paolo"]
[Black "Naumkin, Igor"]
[Result "0-1"]
[WhiteElo "1946"]
[BlackElo "2506"]
[Annotator "Gabriele Ballarin"]
[PlyCount "84"]
[EventDate "2010.12.12"]
[EventType "swiss"]
[EventRounds "9"]
[EventCountry "ITA"]

1. d4 Nf6 2. Nf3 e6 3. Bf4 b6 4. Nbd2 Bb7 5. e3 Be7 6. c3 Nh5 7. Bg3 d6 8. e4 Nd7 9. Bd3 a6 10. Qe2 g6 11. Nc4 O-O 12. e5 b5 13. Na5 Qc8 14. Nxb7 Qxb7 15. Be4 d5 16. Bd3 c5 17. O-O Qb6 18. Qe3 b4 19. Bh4 Bxh4 20. Nxh4 Rfc8 21. Nf3 bxc3 22. bxc3 Qa5 23. Rfc1 Rc7 24. Ng5 Rac8 25. g4 Ng7 26. Qf3 Nf8 27. dxc5 h6 28. Nh3 Rxc5 29. Qe2 Rxc3 30. Rxc3 Rxc3 31. Nf4 Qa3 32. Bxa6 Rc1+ 33. Rxc1 Qxc1+ 34. Kg2 Qxf4 35. a4 Qxa4 36. h4 h5 37. f3 Qf4 38. Bb5 g5 39. hxg5 Qxg5 40. Kh3 hxg4+ 41. fxg4 Ng6 42. Bd3 Nf4+ 0-1

[Event "13.Città di Padova Open A"]
[Site "Padova Ex Fornace Carotta"]
[Date "2010.12.13"]
[Round "2.12"]
[White "Collutiis, Duilio"]
[Black "Bozzao, Francesco"]
[Result "1-0"]
[WhiteElo "2473"]
[BlackElo "1881"]
[Annotator "Gabriele Ballarin"]
[PlyCount "35"]
[EventDate "2010.12.12"]
[EventType "swiss"]
[EventRounds "9"]
[EventCountry "ITA"]

1. e4 c5 2. Nf3 d6 3. c3 Nf6 4. Be2 Nc6 5. d4 cxd4 6. cxd4 Nxe4 7. d5 Qa5+ 8. Nc3 Nxc3 9. bxc3 Ne5 10. Nxe5 Qxc3+ 11. Bd2 Qxe5 12. O-O g6 13. Bb5+ Bd7 14. Bxd7+ Kxd7 15. Qa4+ Kd8 16. Ba5+ b6 17. Bxb6+ axb6 18. Qxa8+ 1-0

[Event "13.Città di Padova Open A"]
[Site "Padova Ex Fornace Carotta"]
[Date "2010.12.13"]
[Round "2.13"]
[White "Bondielli, Giorgio"]
[Black "Mrdja, Milan"]
[Result "0-1"]
[WhiteElo "1872"]
[BlackElo "2418"]
[Annotator "Gabriele Ballarin"]
[PlyCount "52"]
[EventDate "2010.12.12"]
[EventType "swiss"]
[EventRounds "9"]
[EventCountry "ITA"]

1. e4 d5 2. exd5 Qxd5 3. Nc3 Qd6 4. Nf3 Nf6 5. d4 g6 6. Bc4 Bg7 7. O-O O-O 8. Be3 a6 9. Qd2 b5 10. Bd3 Bb7 11. Bf4 Qb6 12. Ng5 Nc6 13. d5 Nb4 14. Be3 c5 15. dxc6 Qxc6 16. f3 Rfd8 17. Qe2 Nxd3 18. cxd3 Nd5 19. Nxd5 Qxd5 20. Rfd1 Rac8 21. Ne4 f5 22. Nf2 e5 23. Bb6 Rd6 24. Ba5 g5 25. h3 h5 26. Bc3 g4 0-1

[Event "13.Città di Padova Open A"]
[Site "Padova Ex Fornace Carotta"]
[Date "2010.12.13"]
[Round "2.15"]
[White "Teodonio, Fabrizio"]
[Black "Zordan, Antonio"]
[Result "1-0"]
[WhiteElo "2002"]
[BlackElo "1778"]
[Annotator "Gabriele Ballarin"]
[PlyCount "61"]
[EventDate "2010.12.12"]
[EventType "swiss"]
[EventRounds "9"]
[EventCountry "ITA"]

1. e4 c5 2. c3 Nc6 3. d4 d5 4. exd5 Qxd5 5. Nf3 Bg4 6. Be2 e6 7. Na3 cxd4 8. Nb5 Rc8 9. Nbxd4 Bc5 10. Nxc6 Qxc6 11. O-O Rd8 12. Qb3 Qc7 13. Qa4+ Kf8 14. Qxg4 Nf6 15. Qa4 Nd5 16. a3 f5 17. c4 Nb6 18. Qc2 h6 19. b4 Be7 20. Bb2 Rg8 21. Rad1 Rc8 22. Be5 Qc6 23. Nd4 Qe8 24. Nxe6+ Kf7 25. Qxf5+ Bf6 26. Bh5+ Ke7 27. Bxe8 Kxe8 28. Bxf6 gxf6 29. Qxf6 Nxc4 30. Rd8+ Rxd8 31. Nc7+ 1-0

[Event "13.Città di Padova Open A"]
[Site "Padova Ex Fornace Carotta"]
[Date "2010.12.13"]
[Round "2.16"]
[White "Militello, Michele"]
[Black "Giuriato, Sergio"]
[Result "1/2-1/2"]
[WhiteElo "1817"]
[BlackElo "1934"]
[Annotator "Gabriele Ballarin"]
[PlyCount "45"]
[EventDate "2010.12.12"]
[EventType "swiss"]
[EventRounds "9"]
[EventCountry "ITA"]

1. d4 Nf6 2. Nf3 d5 3. e3 e6 4. Bd3 c5 5. b3 Nc6 6. Nbd2 Bd6 7. Bb2 cxd4 8. exd4 O-O 9. a3 Bd7 10. O-O Rc8 11. Re1 Qc7 12. Ne5 Rfd8 13. Qf3 Be8 14. Qh3 g6 15. Ndf3 Bf8 16. g4 Bg7 17. Ng5 h6 18. Ngf3 Ne4 19. Rad1 f5 20. gxf5 exf5 21. Qg2 Kh7 22. h4 Qd6 23. Kh1 1/2-1/2

[Event "13.Città di Padova Open A"]
[Site "Padova Ex Fornace Carotta"]
[Date "2010.12.13"]
[Round "2.17"]
[White "Zanini, Andrea"]
[Black "Antoniacci, Ricardo"]
[Result "0-1"]
[WhiteElo "1687"]
[BlackElo "1923"]
[Annotator "Gabriele Ballarin"]
[PlyCount "62"]
[EventDate "2010.12.12"]
[EventType "swiss"]
[EventRounds "9"]
[EventCountry "ITA"]

1. Nf3 f5 2. g3 g6 3. d4 Bg7 4. e3 Nf6 5. Bg2 O-O 6. Nbd2 Nc6 7. a3 d6 8. c4 e5 9. d5 Ne7 10. Rb1 h6 11. b3 g5 12. h4 g4 13. Nh2 e4 14. Bb2 c6 15. dxc6 bxc6 16. Qc1 Be6 17. Bc3 Nd7 18. Bxg7 Kxg7 19. Qc3+ Kh7 20. b4 Ne5 21. Bf1 Qc7 22. c5 dxc5 23. bxc5 Rad8 24. Qc2 Bd5 25. Rg1 Rd7 26. Bc4 Rfd8 27. Nhf1 Bxc4 28. Rg2 Bd3 29. Qb3 Bxb1 30. Qxb1 Nf3+ 31. Ke2 Nxd2 0-1

[Event "13.Città di Padova Open A"]
[Site "Padova Ex Fornace Carotta"]
[Date "2010.12.13"]
[Round "2.18"]
[White "Franco, Alessandro P"]
[Black "Rizzo, Giuseppe"]
[Result "1-0"]
[WhiteElo "1906"]
[BlackElo "1671"]
[Annotator "Gabriele Ballarin"]
[PlyCount "31"]
[EventDate "2010.12.12"]
[EventType "swiss"]
[EventRounds "9"]
[EventCountry "ITA"]

1. e4 g6 2. d4 Bg7 3. f4 d6 4. Nc3 a6 5. Bc4 e6 6. Nf3 Ne7 7. Be3 Nd7 8. Qd2 b5 9. Bb3 Bb7 10. f5 gxf5 11. Bh6 Bxh6 12. Qxh6 fxe4 13. Ng5 Ng6 14. O-O Nf6 15. Qg7 Rf8 16. Rxf6 1-0

[Event "13.Città di Padova Open A"]
[Site "Padova Ex Fornace Carotta"]
[Date "2010.12.13"]
[Round "2.19"]
[White "De Marchi, Alessandro"]
[Black "Di Lazzaro, Gabriele"]
[Result "1/2-1/2"]
[WhiteElo "1666"]
[BlackElo "1901"]
[Annotator "Gabriele Ballarin"]
[PlyCount "110"]
[EventDate "2010.12.12"]
[EventType "swiss"]
[EventRounds "9"]
[EventCountry "ITA"]

1. d4 Nf6 2. c4 e6 3. Nd2 d5 4. e3 c6 5. Ngf3 Nbd7 6. Bd3 Bd6 7. b3 e5 8. cxd5 cxd5 9. dxe5 Nxe5 10. Nxe5 Bxe5 11. Rb1 Qa5 12. a4 O-O 13. b4 Qc7 14. h3 Bd7 15. O-O Ne8 16. Nf3 Bf6 17. Ba3 Be7 18. Rc1 Qb8 19. Nd4 a5 20. Nf5 Bxf5 21. Bxf5 Qe5 22. Qh5 g6 23. Bxg6 Qxh5 24. Bxh5 axb4 25. Bb2 Rxa4 26. Rfd1 Bf6 27. Rb1 Bxb2 28. Rxb2 Nf6 29. Bf3 Rc8 30. Rdb1 Rc7 31. Rxb4 Rxb4 32. Rxb4 Kf8 33. g4 h6 34. h4 Re7 35. Rb5 Kg7 36. Kg2 Kg6 37. Kg3 Kg7 38. Kg2 Kg6 39. Bd1 Kg7 40. g5 hxg5 41. hxg5 Ne4 42. Bb3 Nxg5 43. Bxd5 Ne6 44. Rxb7 Rxb7 45. Bxb7 f6 46. f4 Nc5 47. Bd5 f5 48. Kf3 Kf6 49. Ke2 Nd7 50. Kd2 Nb6 51. Bb3 Nd7 52. Kc3 Nc5 53. Bc4 Ne4+ 54. Kd4 Nf2 55. Be2 Ne4 1/2-1/2

[Event "13.Città di Padova Open A"]
[Site "Padova Ex Fornace Carotta"]
[Date "2010.12.13"]
[Round "2.20"]
[White "Binder, Andrea"]
[Black "Traversi, Carlo"]
[Result "1-0"]
[WhiteElo "1898"]
[BlackElo "1652"]
[Annotator "Gabriele Ballarin"]
[PlyCount "51"]
[EventDate "2010.12.12"]
[EventType "swiss"]
[EventRounds "9"]
[EventCountry "ITA"]

1. Nf3 Nf6 2. g3 c6 3. Bg2 d5 4. O-O e6 5. d3 Be7 6. Nbd2 O-O 7. e4 dxe4 8. dxe4 Nbd7 9. e5 Ne8 10. Qe2 g6 11. Ne4 Qc7 12. Bf4 Qb6 13. c3 Ng7 14. Rfd1 Qa6 15. Qc2 f5 16. Nd6 Nb6 17. a4 Nd5 18. a5 b6 19. Bf1 b5 20. c4 Bxd6 21. cxd5 Bb4 22. dxc6 Ne8 23. Bh6 Rf7 24. Nd4 Nc7 25. Nxb5 Nxb5 26. Rd8+ 1-0

[Event "13.Città di Padova Open A"]
[Site "Padova Ex Fornace Carotta"]
[Date "2010.12.14"]
[Round "3.1"]
[White "Solomon, Kenny"]
[Black "Zaja, Ivan"]
[Result "0-1"]
[WhiteElo "2215"]
[BlackElo "2489"]
[Annotator "Gabriele Ballarin"]
[PlyCount "146"]
[EventDate "2010.12.12"]
[EventType "swiss"]
[EventRounds "9"]
[EventCountry "ITA"]

1. Nf3 Nf6 2. c4 e6 3. g3 b6 4. Bg2 Bb7 5. O-O Be7 6. b3 O-O 7. Bb2 d5 8. cxd5 Nxd5 9. d4 Nd7 10. Nbd2 c5 11. Rc1 Rc8 12. Nc4 N5f6 13. Qd3 b5 14. Ncd2 Qb6 15. Qb1 Rfd8 16. Rfd1 h6 17. h3 Bc6 18. Re1 Nf8 19. e3 Qb7 20. e4 Qb6 21. Qa1 cxd4 22. Bxd4 Qb7 23. Ne5 Be8 24. Rxc8 Rxc8 25. Ng4 N8h7 26. Nxf6+ Nxf6 27. Bxf6 Bxf6 28. e5 Qd7 29. Ne4 Be7 30. Rd1 Qc7 31. Nd6 Rd8 32. Rc1 Qb8 33. Nxe8 Rxe8 34. Qc3 Bd8 35. Qc6 Bb6 36. Bf3 Rd8 37. Rd1 Rxd1+ 38. Bxd1 Qxe5 39. Kg2 g6 40. Qc2 h5 41. h4 b4 42. Bf3 Qd4 43. Bb7 Kg7 44. Ba8 f5 45. Bb7 e5 46. Ba6 e4 47. Qe2 Kf6 48. Bc4 Bc5 49. Bb5 Kg7 50. Ba6 Qc3 51. Bb5 Bd4 52. Ba6 Kf6 53. Bb5 Qc5 54. Bc4 a5 55. Kf1 a4 56. bxa4 Bxf2 57. Kg2 Bd4 58. Bb3 Qc3 59. a5 Qe3 60. Qxe3 Bxe3 61. a6 Ba7 62. Ba4 Kf7 63. Kf1 g5 64. hxg5 Kg6 65. Kg2 Kxg5 66. Bd7 f4 67. gxf4+ Kxf4 68. Bc6 Ke3 69. Kg3 Kd3 70. Bb5+ Kd2 71. Kf4 e3 72. Kf3 h4 73. Bf1 h3 0-1

[Event "13.Città di Padova Open A"]
[Site "Padova Ex Fornace Carotta"]
[Date "2010.12.14"]
[Round "3.2"]
[White "Lazic, Miroljub"]
[Black "Kizov, Atanas"]
[Result "1-0"]
[WhiteElo "2480"]
[BlackElo "2374"]
[Annotator "Gabriele Ballarin"]
[PlyCount "53"]
[EventDate "2010.12.12"]
[EventType "swiss"]
[EventRounds "9"]
[EventCountry "ITA"]

1. c4 e5 2. Nc3 Nc6 3. g3 Bc5 4. Bg2 d6 5. e3 a6 6. Nge2 Ba7 7. O-O Nge7 8. b3 O-O 9. Bb2 Bf5 10. h3 Qd7 11. Kh2 h6 12. d3 Rab8 13. Qd2 Bh7 14. f4 b5 15. Nd5 exf4 16. gxf4 bxc4 17. dxc4 Nf5 18. Rg1 f6 19. Nxf6+ Rxf6 20. Bxf6 Bxe3 21. Bd5+ Kh8 22. Rxg7 Nxg7 23. Qxe3 Re8 24. Bxg7+ Kxg7 25. Qc3+ Ne5 26. fxe5 Rxe5 27. Nd4 1-0

[Event "13.Città di Padova Open A"]
[Site "Padova Ex Fornace Carotta"]
[Date "2010.12.14"]
[Round "3.3"]
[White "Rogulj, Branko"]
[Black "Boscolo, Federico Meneguolo"]
[Result "1/2-1/2"]
[WhiteElo "2403"]
[BlackElo "2179"]
[Annotator "Gabriele Ballarin"]
[PlyCount "118"]
[EventDate "2010.12.12"]
[EventType "swiss"]
[EventRounds "9"]
[EventCountry "ITA"]

1. e4 c5 2. Nc3 Nc6 3. Bb5 Nd4 4. Bc4 e6 5. Nf3 a6 6. d3 b5 7. Bb3 Nxb3 8. axb3 Bb7 9. O-O Nf6 10. e5 Nd5 11. Nxd5 Bxd5 12. Ng5 f6 13. Ne4 Bxe4 14. dxe4 Be7 15. exf6 Bxf6 16. e5 Be7 17. Qf3 Qc8 18. Rd1 Qc6 19. Qh5+ g6 20. Qg4 O-O 21. Bg5 Bxg5 22. Qxg5 Rf5 23. Qe3 Raf8 24. Rd6 Qb7 25. f3 c4 26. b4 Ra8 27. Qd4 Qa7 28. c3 Rxe5 29. Rxd7 Qxd4+ 30. Rxd4 Re2 31. Ra2 Kf7 32. h4 Kf6 33. Kh2 h6 34. Kh3 g5 35. h5 Ke7 36. Rd1 Ra7 37. Raa1 Rd7 38. Rxa6 Rxb2 39. Re1 Rd6 40. Ra7+ Rd7 41. Ra8 Rdd2 42. g3 Rh2+ 43. Kg4 Rbg2 44. f4 gxf4 45. Rh8 Rxg3+ 46. Kxf4 Rxc3 47. Rxh6 Rf2+ 48. Kg4 Rg2+ 49. Kf4 Rf2+ 50. Kg4 Rf6 51. Rh7+ Rf7 52. Rxf7+ Kxf7 53. Re5 Rb3 54. Rxb5 c3 55. Kg5 c2 56. Rb7+ Kg8 57. Rc7 Rxb4 58. Rxc2 e5 59. Rc6 Rb1 1/2-1/2